Normal view
MARC view
- Supervisor Dr. Taimoor Zahid
Entry Corporate Name
001 - CONTROL NUMBER
- control field: 101742
003 - CONTROL NUMBER IDENTIFIER
- control field: NUST
005 - DATE AND TIME OF LATEST TRANSACTION
- control field: 20221031092125.0
008 - FIXED-LENGTH DATA ELEMENTS
- fixed length control field: 221031|| aca||aabn | a|a d
040 ## - CATALOGING SOURCE
- Original cataloging agency: NUST
- Transcribing agency: NUST
110 ## - HEADING--CORPORATE NAME
- Corporate name or jurisdiction name as entry element: Supervisor Dr. Taimoor Zahid
670 ## - SOURCE DATA FOUND
- Source citation: Work cat.: (NUST): Nouman Ejaz 101741, TH-SOF-2085-Catalogue of Invisibility As a Non-Functional Requirement and Its Co-Relation With Other Non-Functional Requirements, 2022.
